A theory of justice / (Record no. 123462)
[ view plain ]
| 000 -LEADER | |
|---|---|
| fixed length control field | 01225fam a2200313 a 4500 |
| 001 - CONTROL NUMBER | |
| control field | 2340124 |
| 005 - DATE AND TIME OF LATEST TRANSACTION | |
| control field | 20151007082333.0 |
| 008 - FIXED-LENGTH DATA ELEMENTS--GENERAL INFORMATION | |
| fixed length control field | 990413s1999 maua b 001 0 eng |
| 010 ## - LIBRARY OF CONGRESS CONTROL NUMBER | |
| LC control number | 99029110 |
| 020 ## - INTERNATIONAL STANDARD BOOK NUMBER | |
| International Standard Book Number | 0674000773 (alk. paper) |
| 020 ## - INTERNATIONAL STANDARD BOOK NUMBER | |
| International Standard Book Number | 0674000781 (pbk. : alk. paper) |
| 035 ## - SYSTEM CONTROL NUMBER | |
| System control number | (OCoLC)41266156 |
| 035 ## - SYSTEM CONTROL NUMBER | |
| System control number | (OCoLC)ocm41266156 |
| 035 ## - SYSTEM CONTROL NUMBER | |
| System control number | (NNC)2340124 |
| 040 ## - CATALOGING SOURCE | |
| Original cataloging agency | DLC |
| Transcribing agency | DLC |
| Modifying agency | DLC |
| -- | NNC |
| -- | OrLoB-B |
| 042 ## - AUTHENTICATION CODE | |
| Authentication code | pcc |
| 050 00 - LIBRARY OF CONGRESS CALL NUMBER | |
| Classification number | JC578 |
| Item number | .R38 1999 |
| 082 00 - DEWEY DECIMAL CLASSIFICATION NUMBER | |
| Classification number | 320/.01/1 |
| Edition number | 21 |
| 100 1# - MAIN ENTRY--PERSONAL NAME | |
| Personal name | Rawls, John, |
| Dates associated with a name | 1921-2002. |
| 9 (RLIN) | 9036 |
| 245 12 - TITLE STATEMENT | |
| Title | A theory of justice / |
| Statement of responsibility, etc | John Rawls. |
| 250 ## - EDITION STATEMENT | |
| Edition statement | Rev. ed. |
| 260 ## - PUBLICATION, DISTRIBUTION, ETC. (IMPRINT) | |
| Place of publication, distribution, etc | Cambridge, Mass. : |
| Name of publisher, distributor, etc | Belknap Press of Harvard University Press, |
| Date of publication, distribution, etc | 1999. |
| 300 ## - PHYSICAL DESCRIPTION | |
| Extent | xxii, 538 p. : |
| Other physical details | ill. ; |
| Dimensions | 24 cm. |
| 504 ## - BIBLIOGRAPHY, ETC. NOTE | |
| Bibliography, etc | Includes bibliographical references and index. |
| 505 00 - FORMATTED CONTENTS NOTE | |
| Miscellaneous information | Ch. I. |
| Title | Justice as Fairness -- |
| Miscellaneous information | Ch. II. |
| Title | The Principles of Justice -- |
| Miscellaneous information | Ch. III. |
| Title | The Original Position -- |
| Miscellaneous information | Ch. IV. |
| Title | Equal Liberty -- |
| Miscellaneous information | Ch. V. |
| Title | Distributive Shares -- |
| Miscellaneous information | Ch. VI. |
| Title | Duty and Obligation -- |
| Miscellaneous information | Ch. VII. |
| Title | Goodness as Rationality -- |
| Miscellaneous information | Ch. VIII. |
| Title | The Sense of Justice -- |
| Miscellaneous information | Ch. IX. |
| Title | The Good of Justice. |
| 650 #0 - SUBJECT ADDED ENTRY--TOPICAL TERM | |
| Topical term or geographic name as entry element | Justice. |
| 9 (RLIN) | 20097 |
| 900 ## - EQUIVALENCE OR CROSS-REFERENCE-PERSONAL NAME [LOCAL, CANADA] | |
| Numeration | TOC |
| 942 ## - ADDED ENTRY ELEMENTS (KOHA) | |
| Source of classification or shelving scheme | Library of Congress Classification |
| Item type | Monograph ( Printed materials) |
No items available.